Countries with economies over 500 Billion Dollars - Sudden Death - Statistics

General Stats
  • This quiz has been taken 51 times
  • The average score is 4 of 7
Answers on the Grid
Answers color-coded by a green-red scale on the quiz's grid according to % correct below.
China
Spain
Algeria
Argentina
Vietnam
Pakistan
Turkey
South Korea
Mexico
Thaliand
Morocco
Peru
Mongolia
 
Answer Stats
Answer % Correct
China
100%
South Korea
73%
Mexico
67%
Spain
63%
Turkey
63%
Thaliand
40%
Argentina
30%
No matching quizzes found
Score Distribution
Percent of People with Each Score
Percentile by Number Answered
Your Score History
You have not taken this quiz